01327nam a2200337Ia 4500001001200000003000800012006001900020007001500039008004100054020001800095020002600113040002100139035002100160050002900181082001400210100002500224245015900249260005500408300002400463504005100487533015200538630003600690650001900726650001100745650002300756655002900779700001900808710001700827856012600844999001900970ebr10433547CaPaEBRm u cr cn|||||||||090802s2009 enka sb 001 0 eng d z9781847196569 z9781847196576 (ebook) aCaPaEBRcCaPaEBR a(OCoLC)43098404414aTK5105.8884b.S55 2009eb04a006.72221 aSilver, April Hodge.10aWordPress 2.7 completeh[electronic resource] :bcreate your own complete blog or website from scratch with WordPress /cApril Hodge Silver, Hasin Hayder. aBirmingham, U.K. :bPackt Publishing Ltd.,cc2009. avii, 277 p. :bill. aIncludes bibliographical references and index. aElectronic reproduction.bPalo Alto, Calif. :cebrary,d2011.nAvailable via World Wide Web.nAccess may be limited to ebrary affiliated libraries.00aWordPress (Electronic resource) 0aBlogsxDesign. 0aBlogs. 0aWeb sitesxDesign. 7aElectronic books.2local1 aHayder, Hasin.2 aebrary, Inc.40uhttp://site.ebrary.com/lib/rucke/Doc?id=10433547zAn electronic book accessible through the World Wide Web; click to view c146655d146655